Fire safety risk assessment (Record no. 107644)
[ view plain ]
| 000 -LEADER | |
|---|---|
| fixed length control field | 01024cam a22002535a 4500 |
| 001 - CONTROL NUMBER | |
| control field | L141394 |
| 008 - FIXED-LENGTH DATA ELEMENTS--GENERAL INFORMATION | |
| fixed length control field | 071121s2007 xxka f 000 0 eng d |
| 020 ## - INTERNATIONAL STANDARD BOOK NUMBER | |
| International Standard Book Number | 97818511248846 |
| 035 ## - SYSTEM CONTROL NUMBER | |
| System control number | (Sirsi) u141394 |
| 041 0# - LANGUAGE CODE | |
| Language code of text/sound track or separate title | eng |
| 050 04 - LIBRARY OF CONGRESS CALL NUMBER | |
| Classification number | 692.21 $2 18 |
| 110 1# - MAIN ENTRY--CORPORATE NAME | |
| Corporate name or jurisdiction name as entry element | United Kingdom |
| Subordinate unit | HM Government |
| 9 (RLIN) | 5056 |
| 245 00 - TITLE STATEMENT | |
| Title | Fire safety risk assessment |
| Remainder of title | animal premises and stables |
| 260 ## - PUBLICATION, DISTRIBUTION, ETC. | |
| Place of publication, distribution, etc. | London |
| Name of publisher, distributor, etc. | DCLG |
| Date of publication, distribution, etc. | 2007 |
| 300 ## - PHYSICAL DESCRIPTION | |
| Extent | 147p. |
| Other physical details | ill. |
| Dimensions | 30cm. |
| 350 ## - PRICE (NR) (BK AM CF MU VM SE) [OBSOLETE] | |
| Price | 12 |
| 505 2# - FORMATTED CONTENTS NOTE | |
| Formatted contents note | Fire risk assessment -- Further guidance on fire risk assessment and fire precautions |
| 520 ## - SUMMARY, ETC. | |
| Summary, etc. | Provides a guide to health and safety law for employers, managers, occupiers and owners of animal premises and stables. Explains steps which should be taken in order to comply with fire safety law. Covers fire risk assessments. Details general fire safety precautions which need to be put in place. |
| 521 2# - TARGET AUDIENCE NOTE | |
| Target audience note | Advanced |
| 651 #4 - SUBJECT ADDED ENTRY--GEOGRAPHIC NAME | |
| Geographic name | United Kingdom |
| Chronological subdivision | |
| 690 ## - LOCAL SUBJECT ADDED ENTRY--TOPICAL TERM (OCLC, RLIN) | |
| Topical term or geographic name as entry element | MANAGEMENT-HEALTH AND SAFETY-FIRE SAFETY |
| 942 ## - ADDED ENTRY ELEMENTS (KOHA) | |
| Suppress in OPAC | 0 |
| Withdrawn status | Lost status | Source of classification or shelving scheme | Damaged status | Not for loan | Home library | Current library | Shelving location | Date acquired | Cost, normal purchase price | Total Checkouts | Full call number | Barcode | Date last seen | Copy number | Cost, replacement price | Price effective from | Koha item type |
|---|---|---|---|---|---|---|---|---|---|---|---|---|---|---|---|---|---|
| Dewey Decimal Classification | London | London | Books | 03/04/2008 | 12.00 | F692.21 | 30072750 | 06/08/2019 | 1 | 12.00 | 06/08/2019 | Book |